Τα αίτια και οι συνέπειες της εξέγερσης του 2011 στην Αίγυπτο : διπλωματική εργασία [μεταπτυχιακή εργασία]

Saved in:
Bibliographic Details
Main Author: Τσουρδιού, Μαγδαληνή
Corporate Author: Πανεπιστήμιο Αιγαίου Σχολή Ανθρωπιστικών Επιστημών Τμήμα Μεσογειακών Σπουδών Πρόγραμμα Μεταπτυχιακών Σπουδών Πολιτικές, Οικονομικές και Διεθνείς Σχέσεις στη Μεσόγειο
Other Authors: Κεφαλά, Παρασκευή (Thesis advisor)
Format: Thesis Book
Language:Greek
Published: 2012
Subjects:
Online Access:http://hdl.handle.net/11610/12288
Tags: Add Tag
No Tags, Be the first to tag this record!

MARC

LEADER 00000cam a2200000 i 4500
001 1/25246
008 130131s2012 gre d
035 |l 10113609 
040 |a GR-MY-UA  |b gre  |e aacr 
041 0 |a gre 
082 0 |a 303.6  |2 (22) 
100 1 |a Τσουρδιού, Μαγδαληνή. 
245 1 3 |a Τα αίτια και οι συνέπειες της εξέγερσης του 2011 στην Αίγυπτο :  |b διπλωματική εργασία [μεταπτυχιακή εργασία] /  |c Μαγδαληνή Τσουρδιού ; επιβλέπουσα: Κεφαλά Παρασκευή 
260 |c 2012 
300 |a 88 σ.;  |c 30 εκ. 
500 |a Μέλη εξεταστικής επιτροπής: Ντάλης Σωτήρης, Σακκάς Ιωάννης 
502 |a Διατριβή (μεταπτυχιακή) – Πανεπιστήμιο Αιγαίου, Ρόδος, 2012. 
504 |a Βιβλιογραφία: σ. 84-88 
650 0 0 |a Political violence  |z Egypt. 
650 0 0 |a Revolutions. 
650 0 0 |a Dissertations, Academic  |z Greece. 
651 0 |a Egypt  |x Politics and government. 
700 1 |a Κεφαλά, Παρασκευή.  |4 ths 
710 2 |a Πανεπιστήμιο Αιγαίου  |b Σχολή Ανθρωπιστικών Επιστημών  |b Τμήμα Μεσογειακών Σπουδών  |b Πρόγραμμα Μεταπτυχιακών Σπουδών Πολιτικές, Οικονομικές και Διεθνείς Σχέσεις στη Μεσόγειο. 
852 |a INST  |b RHODES  |c DIATR  |e 20130131  |h 303.6 ΤΣΟ  |p 005400034850  |q 005400034850  |t MTXE  |y 23 
852 |a INST  |b RHODES  |c DIATR  |e 20130131  |h 303.6 ΤΣΟ  |p 005400034851  |q 005400034851  |t MTXE  |y 23 
856 |u http://hdl.handle.net/11610/12288 
901 |a BIBL4-2013-1 
909 |a Ρ  |b 176387 
909 |a Ρ  |b 176388 
924 |a ΤΣΟΥΡΔΙΟΥ  |b ΜΑΓΔΑΛΗΝΗ  |y ΡΟΔΟΣ  |z 2012-06 
970 |z 2013/01/31